La cultura del control (Record no. 98152)
[ view plain ]
| 000 -LEADER | |
|---|---|
| fixed length control field | 00953nam a22002537a 4500 |
| 005 - DATE AND TIME OF LATEST TRANSACTION | |
| control field | 20211116130308.0 |
| 008 - FIXED-LENGTH DATA ELEMENTS--GENERAL INFORMATION | |
| fixed length control field | 150810b sp ||||| |||| 00| 0 spa d |
| 020 ## - INTERNATIONAL STANDARD BOOK NUMBER | |
| International Standard Book Number | 9788487840408 |
| 050 04 - LIBRARY OF CONGRESS CALL NUMBER | |
| Classification number | HV 9950 |
| Item number | G37 2005 |
| 100 1# - MAIN ENTRY--PERSONAL NAME | |
| Personal name | Garland, David |
| 240 13 - UNIFORM TITLE | |
| Uniform title | The culture of control |
| Language of a work | Español |
| 245 13 - TITLE STATEMENT | |
| Title | La cultura del control |
| Remainder of title | : crimen y orden social en la sociedad contemporánea |
| Statement of responsibility, etc | / David Garland ; traducción de Máximo Sozzo |
| 250 ## - EDITION STATEMENT | |
| Edition statement | 1a ed. |
| 260 ## - PUBLICATION, DISTRIBUTION, ETC. (IMPRINT) | |
| Place of publication, distribution, etc | Barcelona, España : |
| Name of publisher, distributor, etc | Gedisa, |
| Date of publication, distribution, etc | 2005 |
| 300 ## - PHYSICAL DESCRIPTION | |
| Extent | 462 p. ; |
| Dimensions | 23 cm. |
| 490 0# - SERIES STATEMENT | |
| Series statement | Criminología |
| 504 ## - BIBLIOGRAPHY, ETC. NOTE | |
| Bibliography, etc | Incluye bibliografía : p. 417-454 e índice |
| 650 #7 - SUBJECT ADDED ENTRY--TOPICAL TERM | |
| Source of heading or term | lemb |
| Topical term or geographic name as entry element | Administración de justicia penal |
| Geographic subdivision | Estados Unidos |
| 650 #7 - SUBJECT ADDED ENTRY--TOPICAL TERM | |
| Source of heading or term | lemb |
| Topical term or geographic name as entry element | Prevención del delito |
| Geographic subdivision | Estados Unidos |
| 650 #7 - SUBJECT ADDED ENTRY--TOPICAL TERM | |
| Source of heading or term | lemb |
| Topical term or geographic name as entry element | Administración de justicia |
| Geographic subdivision | Gran Bretaña |
| 650 #7 - SUBJECT ADDED ENTRY--TOPICAL TERM | |
| Source of heading or term | lemb |
| Topical term or geographic name as entry element | Prevención del delito |
| Geographic subdivision | Gran Bretaña |
| 700 1# - ADDED ENTRY--PERSONAL NAME | |
| Personal name | Sozzo, Máximo |
| Relator term | traductor |
| 942 ## - ADDED ENTRY ELEMENTS (KOHA) | |
| Source of classification or shelving scheme | Biblioteca del Cogreso de los Estados Unidos |
| Koha item type | Libro |
| Estado de pérdida | Fuente de clasificación | Estado del daño | No para préstamo | Ubicación permanente | Ubicación actual | Apartado o colección | Fecha de adquisición | Área del conocimiento | Clasificación | Código de Barras | Date last seen | Número de copia | Tipo de recurso | Fuente de adquisición | Edición | Total Checkouts | Costo por reposición |
|---|---|---|---|---|---|---|---|---|---|---|---|---|---|---|---|---|---|
| Biblioteca del Cogreso de los Estados Unidos | Biblioteca de la Facultad de Filosofía | Biblioteca de la Facultad de Filosofía | General | 10/08/2015 | Educación y Humanidades | HV 9950 G37 2005 | BFF000012563 | 10/08/2015 | C. 1 | Libro | |||||||
| Biblioteca del Cogreso de los Estados Unidos | Biblioteca de la Facultad de Letras | Biblioteca de la Facultad de Letras | General | 21/10/2021 | Ciencias Sociales y Administrativas | HV9950 G37 r2012 | LLH000009713 | 21/10/2021 | 1 | Libro | Donación | 1a ed. | 1.00 |